[Event "BL 8384 HSK-Delmenhorst"]
[Site "?"]
[Date "1983.??.??"]
[Round "?.7"]
[White "Dornieden, M."]
[Black "Zieher, H."]
[Result "1-0"]
[WhiteElo "2290"]
[BlackElo "2235"]
[PlyCount "85"]
[EventDate "1983.??.??"]

1. Nf3 c5 2. c4 Nc6 3. g3 g6 4. Bg2 Bg7 5. Nc3 e5 6. d3 Nge7 7. O-O O-O 8. a3
d6 9. Rb1 a5 10. Bd2 Rb8 11. Ne1 Be6 12. Nc2 d5 13. cxd5 Nxd5 14. Ne4 b6 15.
Ng5 Bc8 16. Ne3 Nxe3 17. Bxe3 Bb7 18. Ne4 Kh8 19. Qd2 Nd4 20. b4 axb4 21. axb4
Qd5 22. Bxd4 cxd4 23. Bf3 Qd7 24. Qb2 Rfc8 25. b5 Bh6 26. Qb3 Qe7 27. h4 f5 28.
Ng5 Bxg5 29. hxg5 Bxf3 30. exf3 Rc3 31. Qa4 Qxg5 32. f4 Qf6 33. fxe5 Qxe5 34.
Rfe1 Qc5 35. Re6 Rc8 36. Rbe1 Rc1 37. Rxc1 Qxc1+ 38. Kg2 Qc5 39. Rc6 Qd5+ 40.
Kh2 Re8 41. Qb4 Qf3 42. Qxd4+ Kg8 43. Rc7 1-0

[Event "BL 8384 Sindelfingen-Heidelberg"]
[Site "?"]
[Date "1983.??.??"]
[Round "?.1"]
[White "Steinbacher, M."]
[Black "Fahnenschmidt, G."]
[Result "0-1"]
[WhiteElo "2310"]
[BlackElo "2325"]
[PlyCount "70"]
[EventDate "1983.??.??"]

1. d4 Nf6 2. c4 e6 3. Nc3 Bb4 4. e3 O-O 5. Bd3 d5 6. a3 Bd6 7. Nf3 dxc4 8. Bxc4
Nc6 9. e4 e5 10. d5 Na5 11. Be2 c5 12. Bg5 Bd7 13. Nd2 Rc8 14. b3 h6 15. Bh4 a6
16. O-O b5 17. Qb1 c4 18. b4 Nb7 19. Qc2 Qe7 20. Rfb1 Ra8 21. Nf1 a5 22. bxa5
Nxa5 23. Nxb5 Nb3 24. Nxd6 Nxa1 25. Rxa1 Qxd6 26. Ne3 Rxa3 27. Rc1 Rc8 28. Nxc4
Bb5 29. Bxf6 gxf6 30. g3 Qa6 31. d6 Ra2 32. Qd1 Rxe2 33. d7 Bxd7 34. Qxe2 Be6
35. Qf3 Kg7 0-1

[Event "BL 8384 Sindelfingen-Heidelberg"]
[Site "?"]
[Date "1983.??.??"]
[Round "?.4"]
[White "Hoffmann, H."]
[Black "Mack, P."]
[Result "0-1"]
[WhiteElo "2210"]
[BlackElo "2280"]
[PlyCount "82"]
[EventDate "1983.??.??"]

1. e4 e6 2. d4 d5 3. Nc3 Bb4 4. e5 Qd7 5. a3 Bxc3+ 6. bxc3 b6 7. a4 Nc6 8. Bb5
Bb7 9. Nf3 Nge7 10. Ba3 a6 11. Bd3 Na5 12. Ng5 h6 13. Qh5 g6 14. Qh3 Nc4 15.
O-O Nxa3 16. Rxa3 Nc6 17. Nf3 O-O-O 18. Nd2 Na5 19. Qe3 Kb8 20. Qe2 Ka7 21. Nb3
Qe7 22. Rfa1 Nxb3 23. cxb3 c5 24. a5 b5 25. Bxb5 cxd4 26. Bd3 dxc3 27. Ra4 d4
28. b4 Qd7 29. b5 axb5 30. Rb4 Qd5 31. f3 Ba6 32. Rab1 Rb8 33. f4 Rhc8 34. Qf2
Rd8 35. R1b3 Qc5 36. Kf1 Rbc8 37. Qc2 Rb8 38. Ke1 g5 39. g3 Rbc8 40. Kd1 Qc6
41. Be4 d3 0-1

[Event "BL 8384 Bochum-Sindelfingen"]
[Site "?"]
[Date "1983.??.??"]
[Round "?.1"]
[White "Ullrich, F."]
[Black "Schussler, H."]
[Result "0-1"]
[WhiteElo "2275"]
[BlackElo "2485"]
[PlyCount "58"]
[EventDate "1983.??.??"]

1. d4 Nf6 2. c4 e6 3. Nf3 b6 4. e3 Bb7 5. Bd3 d5 6. O-O Bd6 7. Nc3 O-O 8. b3
Nbd7 9. Bb2 c5 10. cxd5 exd5 11. Bf5 Qe7 12. Qc2 Rad8 13. Rfd1 Rfe8 14. Rac1 a6
15. Na4 c4 16. Ne5 Nxe5 17. dxe5 Bxe5 18. Bxe5 Qxe5 19. Nxb6 Rd6 20. Na4 d4 21.
bxc4 dxe3 22. Rxd6 e2 23. Re1 Qxd6 24. Nb2 Qc6 25. Bh3 g5 26. f3 g4 27. fxg4
Qc5+ 28. Kh1 Qf2 29. Qc1 Re3 0-1

[Event "BL 8384 Bochum-Sindelfingen"]
[Site "?"]
[Date "1983.??.??"]
[Round "?.3"]
[White "Hoffmann, H."]
[Black "Heinbuch, D."]
[Result "1-0"]
[WhiteElo "2210"]
[BlackElo "2280"]
[PlyCount "100"]
[EventDate "1983.??.??"]

1. e4 c5 2. Nc3 Nc6 3. g3 g6 4. Bg2 Bg7 5. d3 d6 6. f4 e6 7. Nf3 Nge7 8. O-O
O-O 9. Ne2 b6 10. c3 h6 11. d4 f5 12. e5 Ba6 13. Re1 d5 14. dxc5 bxc5 15. Be3
Bxe2 16. Qxe2 Qa5 17. Qf2 c4 18. Rec1 Rfb8 19. b3 cxb3 20. axb3 Qc7 21. Nd2 Rb7
22. c4 Qd7 23. Bc5 Rd8 24. Bd6 Nb4 25. Bxb4 Rxb4 26. Rxa7 Rb7 27. Ra6 Bf8 28.
Qf1 Kf7 29. Rd6 Qe8 30. Qd3 Rc8 31. Rxe6 Rc5 32. Rf6+ Kg7 33. Ra1 dxc4 34. Nxc4
Rb8 35. Nd6 Qd8 36. b4 Rcb5 37. Rd1 Qb6+ 38. Kf1 Rxb4 39. Ne8+ Rxe8 40. Rxb6
Rxb6 41. Qd4 Reb8 42. e6+ Kh7 43. Qf6 Rb1 44. Bf3 Rxd1+ 45. Bxd1 Nd5 46. Qf7+
Kh8 47. Bf3 Ne7 48. h3 Rd8 49. g4 Rb8 50. gxf5 gxf5 1-0

[Event "BL 8384 Solingen-Heidelberg"]
[Site "?"]
[Date "1983.??.??"]
[Round "?.2"]
[White "Spassky, B."]
[Black "Neunhoeffer, H."]
[Result "0-1"]
[WhiteElo "2605"]
[BlackElo "2235"]
[PlyCount "100"]
[EventDate "1983.??.??"]

1. e4 e5 2. Nf3 Nc6 3. Bb5 a6 4. Ba4 Nf6 5. O-O Nxe4 6. d4 b5 7. Bb3 d5 8. dxe5
Be6 9. c3 Bc5 10. Nbd2 O-O 11. Bc2 Nxf2 12. Rxf2 f6 13. exf6 Bxf2+ 14. Kxf2
Qxf6 15. Kg1 Rae8 16. h3 Ne5 17. Nxe5 Qxe5 18. Nf3 Qg3 19. Qd3 Bf5 20. Qxd5+
Kh8 21. Bd3 Bxd3 22. Qxd3 Rxf3 23. Qxf3 Re1+ 24. Qf1 Rxf1+ 25. Kxf1 Qd3+ 26.
Kf2 h6 27. a4 bxa4 28. Be3 Qc2+ 29. Kf3 Kg8 30. Ra3 a5 31. c4 Qxc4 32. Rc3 Qd5+
33. Kf2 Qe5 34. Bc5 Qf5+ 35. Kg3 g5 36. Kh2 h5 37. Ba3 Qf4+ 38. Kg1 g4 39. hxg4
hxg4 40. g3 Qd4+ 41. Kf1 Qd1+ 42. Kf2 Qd2+ 43. Kf1 c6 44. Kg1 Qe2 45. Kh1 Qf2
46. Rc5 Qf1+ 47. Kh2 Qh3+ 48. Kg1 Qxg3+ 49. Kf1 Qf3+ 50. Kg1 g3 0-1

[Event "BL 8384 Solingen-Heidelberg"]
[Site "?"]
[Date "1983.??.??"]
[Round "?.3"]
[White "Mack, P."]
[Black "Lobron, E."]
[Result "0-1"]
[WhiteElo "2280"]
[BlackElo "2480"]
[PlyCount "84"]
[EventDate "1983.??.??"]

1. c4 e6 2. Nf3 Nf6 3. g3 d5 4. d4 c5 5. Bg2 Nc6 6. O-O Be7 7. Nc3 O-O 8. cxd5
exd5 9. h3 Ne4 10. dxc5 Bxc5 11. Nxd5 Be6 12. Ne3 Qb6 13. Qc2 f5 14. a3 Bb3 15.
Qb1 Rae8 16. Kh2 Nxf2 17. Rxf2 Bxe3 18. Bxe3 Qxe3 19. Qe1 f4 20. g4 Ne7 21. Rc1
Nd5 22. Kh1 Rc8 23. Rxc8 Rxc8 24. Nd2 Ba2 25. Rf3 Qd4 26. Rd3 Qxb2 27. Qf2 Qe5
28. Nf3 Qa1+ 29. Ng1 Ne3 30. Bxb7 Rf8 31. Qh4 Bc4 32. Rd8 Qxa3 33. Be4 h6 34.
Rd7 Be6 35. Rd3 Qb4 36. Bf3 a5 37. g5 Qe7 38. Qe1 Qxg5 39. h4 Qf6 40. Rd6 Nf5
41. Ra6 Ng3+ 42. Kg2 Bh3+ 0-1

[Event "BL 8384 Sindelfingen-Solingen"]
[Site "?"]
[Date "1983.??.??"]
[Round "?.3"]
[White "Lobron, E."]
[Black "Hoffmann, H."]
[Result "1-0"]
[WhiteElo "2480"]
[BlackElo "2210"]
[PlyCount "59"]
[EventDate "1983.??.??"]

1. e4 c5 2. Nf3 e6 3. d4 cxd4 4. Nxd4 Nf6 5. Nc3 d6 6. f4 a6 7. Be3 b5 8. Qf3
Bb7 9. Bd3 Nbd7 10. g4 Nc5 11. g5 Nxd3+ 12. cxd3 Nd7 13. a3 Nc5 14. Rd1 Rc8 15.
h4 Na4 16. Nxa4 bxa4 17. h5 Qd7 18. Qg3 d5 19. e5 Bc5 20. Rh2 O-O 21. Re2 Rc7
22. f5 Bxd4 23. Bxd4 exf5 24. h6 Qe6 25. hxg7 Kxg7 26. Rh2 Rg8 27. Rh6 Qe7 28.
Rxh7+ Kf8 29. g6 Rc8 30. Qh2 1-0

[Event "BL 8384 Heidelberg-Bochum"]
[Site "?"]
[Date "1983.??.??"]
[Round "?.1"]
[White "Schussler, H."]
[Black "Steinbacher, M."]
[Result "0-1"]
[WhiteElo "2485"]
[BlackElo "2310"]
[PlyCount "80"]
[EventDate "1983.??.??"]

1. d4 Nf6 2. c4 g6 3. Nc3 Bg7 4. e4 d6 5. Nf3 O-O 6. Be2 Bg4 7. Be3 Nc6 8. O-O
Re8 9. d5 Bxf3 10. Bxf3 Ne5 11. Be2 c6 12. f4 Ned7 13. Kh1 Qc7 14. Qd2 e6 15.
dxe6 Rxe6 16. Bf3 Rae8 17. Rad1 Bf8 18. Bf2 a6 19. g4 b5 20. cxb5 axb5 21. f5
Re5 22. Bg3 b4 23. Bxe5 Nxe5 24. Ne2 Nxf3 25. Rxf3 Nxe4 26. Qxb4 d5 27. Qb3 Qe5
28. Qc2 Nf6 29. g5 Ng4 30. Ng3 Ne3 31. Rxe3 Qxe3 32. Rf1 c5 33. Qg2 Re5 34. h4
Bd6 35. fxg6 hxg6 36. Qf3 Re7 37. Kg2 Qd4 38. h5 Qd2+ 39. Rf2 Qxg5 40. hxg6
Qxg6 {ZÜ} 0-1

[Event "BL 8384 Heidelberg-Bochum"]
[Site "?"]
[Date "1983.??.??"]
[Round "?.2"]
[White "Neunhoeffer, H."]
[Black "Budde, V."]
[Result "1-0"]
[WhiteElo "2235"]
[BlackElo "2355"]
[PlyCount "98"]
[EventDate "1983.??.??"]

1. d4 Nf6 2. c4 c5 3. d5 a6 4. Nc3 b5 5. e4 b4 6. Na4 Nxe4 7. Bd3 Nf6 8. Nxc5
a5 9. Be3 e6 10. Na4 Bb7 11. Nf3 Na6 12. O-O Be7 13. a3 exd5 14. Bb6 Qb8 15.
Nd4 O-O 16. Nf5 Bd6 17. Bxa5 Bxh2+ 18. Kh1 dxc4 19. Bb1 Bc7 20. axb4 Bxa5 21.
bxa5 Qf4 22. Ra3 Qg5 23. Rg3 Qh5+ 24. Kg1 Qxd1 25. Rxg7+ Kh8 26. Rxd1 Nc7 27.
Rg3 Rxa5 28. Nd6 Bd5 29. Nb6 Ra1 30. Nxd5 Ncxd5 31. Nxc4 Ne7 32. Re1 Ng6 33.
Nd6 Nd5 34. Kf1 f6 35. Bxg6 Rxe1+ 36. Kxe1 hxg6 37. Rxg6 Rb8 38. Ne4 Kh7 39.
Rg3 Rxb2 40. Rd3 Rb1+ 41. Kd2 Rb2+ 42. Kc1 Re2 43. f3 f5 44. Ng5+ Kg6 45. Rxd5
Rxg2 46. f4 Rf2 47. Rd4 Kh5 48. Nf7 Kg4 49. Ne5+ Kg3 {ZÜ} 1-0

[Event "BL 8384 Frankfurt-HSK"]
[Site "?"]
[Date "1983.??.??"]
[Round "?.2"]
[White "Flear, G."]
[Black "Reefschlaeger, H."]
[Result "1-0"]
[WhiteElo "2380"]
[BlackElo "2430"]
[PlyCount "65"]
[EventDate "1983.??.??"]

1. d4 d5 2. c4 c6 3. Nc3 Nf6 4. e3 g6 5. Nf3 Bg7 6. Bd3 Bf5 7. Bxf5 gxf5 8.
cxd5 Nxd5 9. O-O e6 10. e4 Nxc3 11. bxc3 fxe4 12. Ng5 Qd5 13. Qg4 Na6 14. Nxe4
O-O-O 15. Qxg7 Qxe4 16. Qxf7 Rhg8 17. g3 Rdf8 18. Qe7 Nc7 19. Bh6 Rf3 20. Rae1
Qg6 21. Bd2 Rd3 22. Re2 Nd5 23. Qd6 Rd8 24. Qc5 Qg4 25. Rfe1 Qf3 26. Bg5 Rd1
27. Rxd1 Qxe2 28. Rc1 Rg8 29. c4 Nc3 30. Be3 Qd3 31. Qe5 Ne2+ 32. Kg2 Qg6 33.
Re1 1-0

[Event "BL 8384 Frankfurt-HSK"]
[Site "?"]
[Date "1983.??.??"]
[Round "?.4"]
[White "Bialas, W."]
[Black "Gruenberg, Ra"]
[Result "1/2-1/2"]
[WhiteElo "2345"]
[BlackElo "2265"]
[PlyCount "72"]
[EventDate "1983.??.??"]

1. Nf3 c5 2. g3 Nc6 3. Bg2 g6 4. d4 cxd4 5. Nxd4 Bg7 6. Nxc6 bxc6 7. O-O Rb8 8.
Nd2 Nf6 9. c4 c5 10. Nb3 d6 11. Bd2 Bb7 12. Bxb7 Rxb7 13. Bc3 O-O 14. Na5 Rb6
15. a3 Qc8 16. f3 Qh3 17. Qe1 Nd7 18. Bxg7 Kxg7 19. b4 a6 20. Rb1 cxb4 21. axb4
Qe6 22. Qd2 Rc8 23. Rfd1 Nf6 24. Rb3 Rcb8 25. Rdb1 h5 26. R1b2 Nd7 27. f4 Nf6
28. Re3 Qd7 29. Reb3 Qf5 30. Re3 Qd7 31. Reb3 h4 32. gxh4 Qg4+ 33. Kh1 Qxh4 34.
e3 Qh5 35. Qd4 Qf3+ 36. Kg1 Qe4 1/2-1/2

[Event "BL 8384 Frankfurt-HSK"]
[Site "?"]
[Date "1983.??.??"]
[Round "?.5"]
[White "Hess, C."]
[Black "Haakert, J."]
[Result "0-1"]
[WhiteElo "2230"]
[BlackElo "2305"]
[PlyCount "88"]
[EventDate "1983.??.??"]

1. d4 Nf6 2. Nf3 g6 3. c4 Bg7 4. Nc3 O-O 5. e4 d6 6. Be2 Nc6 7. O-O Bg4 8. Be3
Re8 9. d5 Bxf3 10. Bxf3 Ne5 11. Be2 c6 12. Qb3 Qc7 13. h3 e6 14. dxe6 Rxe6 15.
c5 dxc5 16. f4 c4 17. Qc2 Nd3 18. e5 Nb4 19. Qc1 Nfd5 20. Bxc4 Nxe3 21. Qxe3
Nc2 22. Qc1 Nxa1 23. Bxe6 fxe6 24. Qxa1 g5 25. fxg5 Qxe5 26. Qe1 Rf8 27. Rxf8+
Kxf8 28. Qf2+ Ke7 29. h4 Qd4 30. Qxd4 Bxd4+ 31. Kf1 Bxc3 32. bxc3 b5 33. Ke2 a5
34. Kd3 c5 35. a3 e5 36. h5 a4 37. c4 b4 38. axb4 e4+ 39. Kc2 e3 40. g6 hxg6
41. h6 Kf7 42. bxc5 e2 43. Kd2 a3 44. h7 Kg7 0-1

[Event "BL 8384 Frankfurt-HSK"]
[Site "?"]
[Date "1983.??.??"]
[Round "?.8"]
[White "Glienke, M."]
[Black "Bednarski, J."]
[Result "0-1"]
[WhiteElo "2335"]
[BlackElo "2325"]
[PlyCount "80"]
[EventDate "1983.??.??"]

1. Nf3 Nf6 2. c4 c6 3. g3 d5 4. Bg2 dxc4 5. a4 h6 6. O-O Be6 7. Nc3 a5 8. e3
Bf5 9. Re1 Qb6 10. e4 Be6 11. Rb1 Na6 12. b3 cxb3 13. d4 Nb4 14. d5 cxd5 15.
Be3 Qd8 16. Nd4 Bg4 17. f3 Bd7 18. e5 Nh7 19. Qxb3 e6 20. Ncb5 Be7 21. f4 O-O
22. Bf2 Rc8 23. Bf1 Kh8 24. Na7 Rb8 25. Nab5 Bc5 26. Rec1 b6 27. Re1 Qe7 28. g4
f6 29. Nf3 Bxb5 30. Bxb5 Bxf2+ 31. Kxf2 fxe5 32. Nxe5 Rxf4+ 33. Kg3 Rf6 34. Bd3
Qd6 35. Kg2 Kg8 36. Rbc1 Rbf8 37. Re2 Ng5 38. Bb1 Ne4 39. Bxe4 dxe4 40. Qg3 Rf3
0-1

[Event "BL 8384 Bamberg-Delmenhorst"]
[Site "?"]
[Date "1983.??.??"]
[Round "?.1"]
[White "Hermann, Man"]
[Black "Seppeur, R."]
[Result "1/2-1/2"]
[WhiteElo "2335"]
[BlackElo "2310"]
[PlyCount "60"]
[EventDate "1983.??.??"]

1. d4 Nf6 2. Nf3 g6 3. Bg5 Bg7 4. Nbd2 h6 5. Bh4 c5 6. Bxf6 Bxf6 7. Ne4 Qb6 8.
Nxf6+ Qxf6 9. c3 b6 10. e4 Bb7 11. d5 d6 12. Bb5+ Kf8 13. a4 Kg7 14. O-O a6 15.
Be2 Nd7 16. Nd2 e5 17. Bg4 Bc8 18. Nc4 Rb8 19. Qd2 Qe7 20. f4 Nf6 21. Bxc8
Rhxc8 22. fxe5 dxe5 23. Qe2 Rf8 24. Rad1 Nd7 25. Qg4 Rbd8 26. Qg3 b5 27. axb5
axb5 28. Ne3 Kh7 29. Ra1 Ra8 30. Qf3 Kg7 1/2-1/2

[Event "BL 8384 Bamberg-Delmenhorst"]
[Site "?"]
[Date "1983.??.??"]
[Round "?.2"]
[White "Bartsch, B."]
[Black "Meyer, H."]
[Result "1-0"]
[WhiteElo "2265"]
[BlackElo "2340"]
[PlyCount "65"]
[EventDate "1983.??.??"]

1. e4 c5 2. Nc3 d6 3. g3 Nc6 4. Bg2 g6 5. d3 Bg7 6. Be3 Nd4 7. Qd2 Qa5 8. f4 e6
9. Nf3 Ne7 10. O-O O-O 11. h3 Bd7 12. a3 Qc7 13. Nh4 f5 14. Rae1 Rab8 15. g4 b5
16. Nd1 b4 17. axb4 cxb4 18. c3 Nb3 19. Qf2 a5 20. exf5 gxf5 21. Ba7 Rbe8 22.
Bb6 Qb8 23. Kh1 Kh8 24. Rg1 Bf6 25. Be3 Qc8 26. gxf5 exf5 27. Nf3 Nd5 28. Ng5
Nxe3 29. Nxe3 h6 30. Qh4 Bg7 31. Qh5 Nc5 32. Bd5 Qd8 33. Qg6 1-0

[Event "BL 8384 Bamberg-Delmenhorst"]
[Site "?"]
[Date "1983.??.??"]
[Round "?.3"]
[White "Juhnke, K."]
[Black "Hartmann, Wo"]
[Result "1/2-1/2"]
[WhiteElo "2325"]
[BlackElo "2290"]
[PlyCount "59"]
[EventDate "1983.??.??"]

1. d4 Nf6 2. c4 e6 3. Nf3 Bb4+ 4. Bd2 a5 5. Nc3 O-O 6. e3 d6 7. Qc2 Nc6 8. a3
Bxc3 9. Bxc3 a4 10. e4 e5 11. dxe5 dxe5 12. Nxe5 Nxe5 13. Bxe5 Re8 14. Bxf6
Qxf6 15. Bd3 Bd7 16. O-O Bc6 17. f3 Qd4+ 18. Rf2 Re7 19. Rd1 Qc5 20. Bf1 Rae8
21. g3 f5 22. exf5 Bxf3 23. Rdd2 Bc6 24. Qc3 Re5 25. f6 gxf6 26. Rd4 R8e6 27.
Rg4+ Rg5 28. Rgf4 Rge5 29. Rg4+ Rg5 30. Rgf4 1/2-1/2

[Event "BL 8384 Bamberg-Delmenhorst"]
[Site "?"]
[Date "1983.??.??"]
[Round "?.6"]
[White "Kestler, H."]
[Black "Ditt, E."]
[Result "1-0"]
[WhiteElo "2405"]
[BlackElo "2300"]
[PlyCount "117"]
[EventDate "1983.??.??"]

1. c4 f5 2. Nc3 g6 3. d4 Bg7 4. Nf3 Nf6 5. g3 O-O 6. Bg2 d6 7. O-O c6 8. d5
cxd5 9. cxd5 Na6 10. Be3 Bd7 11. Nd4 Ng4 12. Bf4 Qb6 13. Nb3 Rac8 14. h3 Ne5
15. Be3 Nc5 16. Nxc5 dxc5 17. Qb3 Nf7 18. d6 Qxb3 19. axb3 Nxd6 20. Rxa7 Bc6
21. Nd5 Bxd5 22. Bxd5+ Kh8 23. Be6 Rc7 24. Rc1 Nb5 25. Ra5 Nd4 26. Bxd4 Bxd4
27. e3 b6 28. Ra6 Bxb2 29. Rc2 Be5 30. Rxb6 Bd6 31. Ra2 Kg7 32. Kf1 Kf6 33. Bc4
g5 34. Ke2 h5 35. Ra1 Kg7 36. Rba6 Rb7 37. Rh1 Rfb8 38. h4 g4 39. Rd1 Rb6 40.
Ra7 R8b7 41. Rxb7 Rxb7 42. Rd5 Kf6 43. Bd3 Be5 44. Bc4 Bd6 45. e4 fxe4 46. Rxh5
Be5 47. Rh6+ Kg7 48. Re6 Bd4 49. Rxe4 e5 50. Rxg4+ Kh6 51. f3 Ra7 52. Kd3 Ra2
53. Ke4 Ra1 54. Kf5 Re1 55. Bg8 Re3 56. Rg6+ Kh5 57. Bd5 e4 58. f4 Rc3 59. Bf7
1-0

[Event "BL 8384 Bamberg-Delmenhorst"]
[Site "?"]
[Date "1983.??.??"]
[Round "?.8"]
[White "Ruehrig, V."]
[Black "Schlemermeyer, W."]
[Result "1/2-1/2"]
[WhiteElo "2330"]
[BlackElo "2220"]
[PlyCount "119"]
[EventDate "1983.??.??"]

1. e4 c5 2. Nf3 d6 3. d4 cxd4 4. Nxd4 Nf6 5. Nc3 g6 6. g3 Nc6 7. Nde2 Bd7 8.
Bg2 Qc8 9. h3 Bg7 10. a4 O-O 11. Be3 Rd8 12. g4 Nb4 13. Rc1 Be6 14. Nd5 Nbxd5
15. exd5 Bd7 16. c4 h5 17. c5 dxc5 18. Rxc5 Bc6 19. Qb3 Nxd5 20. Rxd5 Bxd5 21.
Bxd5 e6 22. Bxb7 Rb8 23. Bxc8 Rxb3 24. Ba6 hxg4 25. hxg4 Rxb2 26. Ng3 Ra2 27.
Bb5 a6 28. Bxa6 Rxa4 29. Bb7 Rxg4 30. Ke2 Rb4 31. Bg2 Bd4 32. Rc1 Rb2+ 33. Kf3
Bxe3 34. Kxe3 f5 35. Ne2 e5 36. f4 e4 37. Rc3 Rd1 38. Kf2 Rdd2 39. Bf1 Rd3 40.
Rc1 Rf3+ 41. Kg1 Kh7 42. Re1 Kh6 43. Bg2 Rd3 44. Kf2 Rdd2 45. Bh3 Kg7 46. Bf1
Rd3 47. Bg2 Kf6 48. Ra1 Rdd2 49. Bf1 Kg7 50. Ra8 Kh7 51. Rc8 Kg7 52. Ra8 Rd3
53. Bg2 e3+ 54. Kf3 Rdd2 55. Bf1 Rd1 56. Ng3 Rxf1+ 57. Nxf1 e2 58. Ra1 exf1=Q+
59. Rxf1 Rb3+ 60. Kg2 1/2-1/2

[Event "BL 8384 HSK-Bamberg"]
[Site "?"]
[Date "1983.??.??"]
[Round "?.2"]
[White "Reefschlaeger, H."]
[Black "Bartsch, B."]
[Result "1/2-1/2"]
[WhiteElo "2430"]
[BlackElo "2265"]
[PlyCount "129"]
[EventDate "1983.??.??"]

1. d4 Nf6 2. Nf3 e6 3. c4 Bb4+ 4. Bd2 Qe7 5. g3 Nc6 6. Bg2 Bxd2+ 7. Nbxd2 d6 8.
O-O e5 9. d5 Nb8 10. e4 a5 11. b3 Bg4 12. a3 Nbd7 13. b4 O-O 14. Qc2 Bxf3 15.
Bxf3 b6 16. Rfc1 Ra7 17. Bg2 Rfa8 18. Rab1 axb4 19. axb4 Ra4 20. Rb2 Qd8 21.
Nb1 h5 22. Nc3 Ra1 23. Bh3 Ne8 24. Na2 Rxc1+ 25. Nxc1 Ndf6 26. Bg2 Ra3 27. Ra2
Qa8 28. Qb2 Rxa2 29. Qxa2 Qxa2 30. Nxa2 Kf8 31. Nc1 Ke7 32. Nd3 Ng4 33. h3 Ngf6
34. f4 Nd7 35. h4 Ndf6 36. Bf3 Ng4 37. Bxg4 hxg4 38. fxe5 dxe5 39. Kf2 Kd6 40.
Ke3 g6 41. Nf2 Nf6 42. Kd3 c6 43. Ke3 cxd5 44. cxd5 Nh5 45. Nxg4 f5 46. Nh6
fxe4 47. g4 Nf6 48. g5 Nxd5+ 49. Kxe4 Ke6 50. Ng4 Nc3+ 51. Kd3 Nb5 52. Nf6 Nd6
53. h5 gxh5 54. Nxh5 Kf5 55. Nf6 Kxg5 56. Nd7 e4+ 57. Kd4 b5 58. Kd5 e3 59.
Kxd6 e2 60. Ne5 Kf4 61. Nd3+ Ke3 62. Ne1 Kd4 63. Ke6 Kc4 64. Ke5 Kxb4 65. Kd4
1/2-1/2

[Event "BL 8384 HSK-Bamberg"]
[Site "?"]
[Date "1983.??.??"]
[Round "?.3"]
[White "Hartmann, Wo"]
[Black "Cordes, H."]
[Result "1/2-1/2"]
[WhiteElo "2290"]
[BlackElo "2305"]
[PlyCount "55"]
[EventDate "1983.??.??"]

1. e4 Nf6 2. Nc3 d5 3. e5 Nfd7 4. d4 e6 5. f4 c5 6. Nf3 Nc6 7. Ne2 f5 8. c3
cxd4 9. cxd4 Nb6 10. h3 Be7 11. Kf2 Bd7 12. g4 Qc7 13. gxf5 exf5 14. h4 Be6 15.
Ng5 Qd7 16. b3 O-O 17. a3 a5 18. a4 Rac8 19. Bb2 h6 20. Nf3 Nb4 21. Nc3 g6 22.
Rc1 Kh7 23. Bb5 Qd8 24. Qg1 Na8 25. Qg3 Rg8 26. Be2 Nc7 27. Nd1 Qd7 28. Nc3
1/2-1/2

[Event "BL 8384 HSK-Bamberg"]
[Site "?"]
[Date "1983.??.??"]
[Round "?.4"]
[White "Gruenberg, Ra"]
[Black "Backwinkel, P."]
[Result "1-0"]
[WhiteElo "2265"]
[BlackElo "2330"]
[PlyCount "91"]
[EventDate "1983.??.??"]

1. d4 Nf6 2. c4 d6 3. Nc3 Nbd7 4. e4 e5 5. d5 Nc5 6. f3 a5 7. Nge2 Be7 8. Be3
O-O 9. Nc1 Ne8 10. Nd3 b6 11. Qd2 g6 12. O-O-O f5 13. exf5 gxf5 14. Nxc5 bxc5
15. Bd3 Kh8 16. Rhg1 Nf6 17. Kb1 Bd7 18. Qc2 Qc8 19. g3 Rb8 20. h3 Rb6 21. Bh6
Rf7 22. Rdf1 Bf8 23. Bc1 Bg7 24. g4 Ng8 25. Bxf5 Bxf5 26. gxf5 Qxf5 27. Qxf5
Rxf5 28. Nb5 Rf7 29. Bd2 Ra6 30. f4 Bh6 31. Kc2 exf4 32. Bc3+ Nf6 33. Nxc7 Rxc7
34. Bxf6+ Bg7 35. Rxg7 Rxg7 36. Rxf4 Kg8 37. Bxg7 Kxg7 38. Re4 a4 39. Re6 Rb6
40. Kc3 h5 41. h4 Ra6 42. Kd3 Rb6 43. Kc2 Ra6 44. Kc3 Kh7 45. Re7+ Kg6 46. Rc7
{ZÜ} 1-0

[Event "BL 8384 HSK-Bamberg"]
[Site "?"]
[Date "1983.??.??"]
[Round "?.5"]
[White "Treppner, G."]
[Black "Hess, C."]
[Result "1/2-1/2"]
[WhiteElo "2345"]
[BlackElo "2230"]
[PlyCount "31"]
[EventDate "1983.??.??"]

1. Nf3 Nf6 2. c4 c5 3. Nc3 d5 4. cxd5 Nxd5 5. d4 Nxc3 6. bxc3 g6 7. e3 Bg7 8.
Be2 O-O 9. O-O Qc7 10. Qb3 Nc6 11. Ba3 Be6 12. Qb5 cxd4 13. cxd4 a6 14. Qc5 b6
15. Qc2 Qb7 16. Rfc1 1/2-1/2

[Event "BL 8384 HSK-Bamberg"]
[Site "?"]
[Date "1983.??.??"]
[Round "?.6"]
[White "Zieher, H."]
[Black "Kestler, H."]
[Result "1/2-1/2"]
[WhiteElo "2235"]
[BlackElo "2405"]
[PlyCount "86"]
[EventDate "1983.??.??"]

1. e4 c5 2. Nf3 d6 3. d4 cxd4 4. Nxd4 Nf6 5. Nc3 Nc6 6. g3 g6 7. Nde2 Bg7 8.
Bg2 O-O 9. O-O Bd7 10. a4 Rc8 11. Nd5 Nxd5 12. exd5 Na5 13. Ra2 Bg4 14. Re1 Re8
15. Be3 Nc4 16. Bd4 Bxd4 17. Qxd4 Ne5 18. Nc3 Qb6 19. Qxb6 axb6 20. f4 Nd7 21.
a5 bxa5 22. Rxa5 Kf8 23. Ra7 Bf5 24. Be4 Nc5 25. Bxf5 gxf5 26. Nb5 Kg7 27. Nd4
Kf6 28. b4 Ne4 29. Rxb7 Rc4 30. Rd1 Nc3 31. Rd3 Rxd4 32. Rxc3 Rxd5 33. Rcc7 Rd2
34. c4 Ra8 35. Ra7 Rxa7 36. Rxa7 Rb2 37. b5 h5 38. Rc7 Ke6 39. h4 Kf6 40. Kf1
d5 41. cxd5 Rxb5 42. Rc6+ Kg7 43. Rc7 Kf6 1/2-1/2

[Event "BL 8384 HSK-Bamberg"]
[Site "?"]
[Date "1983.??.??"]
[Round "?.8"]
[White "Bednarski, J."]
[Black "Ruehrig, V."]
[Result "1-0"]
[WhiteElo "2325"]
[BlackElo "2330"]
[PlyCount "53"]
[EventDate "1983.??.??"]

1. e4 Nf6 2. e5 Nd5 3. d4 d6 4. Be2 Nc6 5. f4 g5 6. e6 Bxe6 7. c4 Nxf4 8. Bxf4
gxf4 9. d5 Bg7 10. Nc3 Nd4 11. dxe6 fxe6 12. Bh5+ Kd7 13. Nge2 Nxe2 14. Nxe2
Qg8 15. O-O e5 16. Qb3 Rb8 17. Bg4+ Kd8 18. Qa4 e6 19. Qxa7 Kd7 20. Rad1 h5 21.
Bf3 Qh7 22. Nc3 c6 23. Qc5 d5 24. cxd5 exd5 25. Nxd5 cxd5 26. Qxd5+ Ke7 27.
Qd6+ 1-0

[Event "BL 8384 Delmenhorst-Frankfurt"]
[Site "?"]
[Date "1983.??.??"]
[Round "?.1"]
[White "Ivkov, B."]
[Black "Hermann, Man"]
[Result "1/2-1/2"]
[WhiteElo "2460"]
[BlackElo "2335"]
[PlyCount "59"]
[EventDate "1983.??.??"]

1. Nf3 d5 2. d4 Nf6 3. c4 dxc4 4. e3 Bg4 5. Bxc4 e6 6. Nc3 a6 7. h3 Bh5 8. g4
Bg6 9. Ne5 Nbd7 10. Nxg6 hxg6 11. Bf1 Be7 12. Bg2 c6 13. O-O Qc7 14. g5 Nd5 15.
Qg4 Nxc3 16. bxc3 Qa5 17. Rb1 O-O-O 18. e4 Rh5 19. e5 Qxa2 20. Be3 Qc2 21. Rfc1
Qd3 22. Be4 Qc4 23. Bg2 Qd3 24. Be4 Qc4 25. Bf3 Rdh8 26. Be2 Qa2 27. Ra1 Qb3
28. Rab1 Qa2 29. Ra1 Qb3 30. Rab1 1/2-1/2

[Event "BL 8384 Delmenhorst-Frankfurt"]
[Site "?"]
[Date "1983.??.??"]
[Round "?.2"]
[White "Meyer, H."]
[Black "Flear, G."]
[Result "1/2-1/2"]
[WhiteElo "2340"]
[BlackElo "2380"]
[PlyCount "51"]
[EventDate "1983.??.??"]

1. d4 d5 2. c4 e6 3. Nc3 c6 4. cxd5 exd5 5. Nf3 Bf5 6. Bf4 Qb6 7. Qc1 Be7 8. e3
Nd7 9. Be2 Ngf6 10. h3 h6 11. O-O O-O 12. Rd1 Rfe8 13. Bd3 Bxd3 14. Rxd3 Qa6
15. Rd1 Bf8 16. Qc2 Re6 17. Ne5 Rae8 18. Rab1 Nxe5 19. Bxe5 Ne4 20. Nxe4 dxe4
21. b4 Bd6 22. Bxd6 Rxd6 23. a4 Rd5 24. Qb3 Rg5 25. d5 cxd5 26. Rxd5 1/2-1/2

[Event "BL 8384 Delmenhorst-Frankfurt"]
[Site "?"]
[Date "1983.??.??"]
[Round "?.3"]
[White "Weidemann, J."]
[Black "Juhnke, K."]
[Result "1-0"]
[WhiteElo "2290"]
[BlackElo "2325"]
[PlyCount "55"]
[EventDate "1983.??.??"]

1. e4 c5 2. b3 Nc6 3. Bb2 d6 4. Bb5 Bd7 5. Ne2 a6 6. Bxc6 Bxc6 7. Ng3 e5 8. O-O
h5 9. f4 h4 10. Nf5 Bxe4 11. fxe5 Qg5 12. Nxd6+ Bxd6 13. Qe2 Bc6 14. exd6+ Kf8
15. h3 Re8 16. Qf2 Nf6 17. Nc3 Rh6 18. Rae1 Rg6 19. Rxe8+ Kxe8 20. Qe2+ Kf8 21.
Rf2 Qg3 22. Qe7+ Kg8 23. Ne2 Qxh3 24. Nf4 Qg3 25. Nxg6 h3 26. Qf8+ Kh7 27. Qh8+
Kxg6 28. Rxf6+ 1-0